| 000 | 00298nam a22000977a 4500 | ||
|---|---|---|---|
| 999 |
_c508612 _d508612 |
||
| 082 | _aZ2x5452 M267a | ||
| 100 |
_aBhaktavatsalam, M. _94051 |
||
| 245 |
_aReport of the committee on agricultural production, Madras _cby M. Bhaktavatsalam |
||
| 260 |
_aMadras _bGovernment of Madras _c1959 |
||
| 300 | _a260p. | ||